000 00300nam a22001337a 4500
008 170223b xxu||||| |||| 00| 0 eng d
020 _a9780721660516
041 _aeng
080 _a61
100 _a5
101 _aSHS
245 _aORAL PATHOLOGY FOR DENTAL HYGIENIST
_cIBSEN.O.A
942 _2udc
_cBK
999 _c6161
_d6161